000 00539nam a2200193Ia 4500
008 240509s9999 xx 000 0 und d
020 _a0000716700158
041 _aEng
082 _a511.1
082 _bC33
100 _aCHINN, William G. : DEAN, Richard A. : TRACEWELL, Theodore N.
245 0 _aArithmetic and calculators how to deal with arithmatic in the calculator age
260 _bSan Francisco : W.H. Freeman
260 _c1978
300 _a488 p.
650 _aMathematics:Arithmetic
942 _2ddc
942 _cLBK
999 _c22787
_d22787
945 _a1
_bMadushi Gamage
_c1
_dMadushi Gamage